[Event "Vlissingen HZ op 17th"]
[Site "Vlissingen"]
[Date "2013.08.09"]
[Round "8"]
[White "Meertens, Martin"]
[Black "Van der Werff, Frank"]
[Result "1-0"]
[WhiteElo "2177"]
[BlackElo "1983"]
[PlyCount "81"]
[EventDate "2013.08.03"]
[EventType "swiss"]
[EventRounds "9"]
[EventCountry "NED"]
[SourceTitle "CBM 155 Extra"]
[Source "ChessBase"]
[SourceDate "2013.08.26"]
[SourceVersion "1"]
[SourceVersionDate "2013.08.26"]
[SourceQuality "1"]

1. e4 c5 2. Nf3 d6 3. d4 cxd4 4. Nxd4 Nf6 5. Nc3 a6 6. Be3 Ng4 7. Bg5 h6 8. Bh4 g5 9. Bg3 Bg7 10. h3 Ne5 11. f3 Nbc6 12. Bf2 b5 13. Qd2 Rb8 14. 0-0-0 Nxd4 15. Bxd4 Qa5 16. a3 Be6 17. Nd5 Qxd2+ 18. Rxd2 Bxd5 19. exd5 Rg8 20. Kb1 Ng6 21. Bxg7 Rxg7 22. a4 Ne5 23. Rd4 Nc4 24. Bxc4 bxc4 25. Rxc4 Kd7 26. Rc6 Ra8 27. Rb6 Kc7 28. a5 e5 29. Re1 Rgg8 30. Re3 Rgb8 31. Rc3+ Kd7 32. Rcc6 Rxb6 33. Rxb6 Rc8 34. Rxa6 Rc5 35. Ra7+ Ke8 36. b4 Rxd5 37. Rb7 Kd8 38. Rxf7 Rb5 39. c3 d5 40. Kc2 d4 41. Rh7 1-0

[Event "Vlissingen HZ op 16th"]
[Site "Vlissingen"]
[Date "2012.08.08"]
[Round "6"]
[White "Bottema, Martin"]
[Black "Van der Werff, Frank"]
[Result "1-0"]
[WhiteElo "2084"]
[BlackElo "1909"]
[PlyCount "103"]
[EventDate "2012.08.04"]
[EventType "swiss"]
[EventRounds "9"]
[EventCountry "NED"]
[SourceTitle "CBM 149 Extra"]
[Source "ChessBase"]
[SourceDate "2012.08.24"]
[SourceVersion "1"]
[SourceVersionDate "2012.08.24"]
[SourceQuality "1"]

1. d4 f5 2. g3 e6 3. Bg2 Nf6 4. Nf3 Be7 5. 0-0 0-0 6. c4 d6 7. Nc3 Ne4 8. Nxe4 fxe4 9. Nd2 d5 10. f3 c5 11. fxe4 dxe4 12. Rxf8+ Bxf8 13. Nb3 cxd4 14. Qxd4 Qxd4+ 15. Nxd4 Bc5 16. Be3 Nc6 17. Nc2 Bxe3+ 18. Nxe3 Nd4 19. Rd1 e5 20. Rd2 Be6 21. Bxe4 Rd8 22. Kg2 b6 23. b3 Rf8 24. Nd5 Rf7 25. Nc3 g6 26. Bd5 Re7 27. e3 Nf5 28. Kf3 Kf7 29. Ne4 h6 30. g4 Ng7 31. Kg3 Ne8 32. Rf2+ Kg7 33. Bxe6 Rxe6 34. Rd2 Re7 35. b4 Kf7 36. c5 bxc5 37. Nxc5 Nf6 38. Kf3 Rc7 39. a3 Ke7 40. h4 g5 41. hxg5 hxg5 42. Rh2 a5 43. Ne4 axb4 44. axb4 Rc4 45. Nxf6 Kxf6 46. Rb2 e4+ 47. Ke2 Rc6 48. b5 Rb6 49. Kd2 Ke6 50. Kc3 Kd5 51. Kb4 Rb7 52. Rf2 1-0

[Event "Vlissingen HZ op 16th"]
[Site "Vlissingen"]
[Date "2012.08.04"]
[Round "1"]
[White "Van der Werff, Frank"]
[Black "Harika, Dronavalli"]
[Result "0-1"]
[WhiteElo "1909"]
[BlackElo "2503"]
[PlyCount "72"]
[EventDate "2012.08.04"]
[EventType "swiss"]
[EventRounds "9"]
[EventCountry "NED"]
[SourceTitle "CBM 149 Extra"]
[Source "ChessBase"]
[SourceDate "2012.08.24"]
[SourceVersion "1"]
[SourceVersionDate "2012.08.24"]
[SourceQuality "1"]

1. e4 e5 2. Nf3 Nc6 3. Nc3 Nf6 4. g3 Bc5 5. Bg2 d6 6. d3 a6 7. 0-0 Be6 8. Be3 Bxe3 9. fxe3 Ne7 10. h3 c6 11. d4 Qc7 12. Qe2 Ng6 13. Nd2 Bd7 14. a4 0-0-0 15. d5 Kb8 16. a5 Ne7 17. Nc4 Nc8 18. Ra3 Be8 19. b4 Rf8 20. Rb1 cxd5 21. exd5 Na7 22. Nb6 Bb5 23. Qd2 Nd7 24. Nca4 Bxa4 25. Nxa4 Nb5 26. Rab3 Rc8 27. Rc1 f5 28. Bf1 f4 29. Bxb5 axb5 30. Rc3 Qd8 31. Rxc8+ Qxc8 32. Nb6 Nxb6 33. axb6 Qxh3 34. Qc3 Qxg3+ 35. Kh1 Qh4+ 36. Kg1 Qd8 0-1

[Event "Borne Euro Chess op-A"]
[Site "Borne"]
[Date "2011.08.05"]
[Round "8"]
[White "Van der Werff, Frank"]
[Black "Kollen, Zyon"]
[Result "0-1"]
[WhiteElo "1875"]
[BlackElo "2118"]
[PlyCount "65"]
[EventDate "2011.08.01"]
[EventType "swiss"]
[EventRounds "9"]
[EventCountry "NED"]
[SourceTitle "CBM 143 Extra"]
[Source "ChessBase"]
[SourceDate "2011.08.29"]
[SourceVersion "1"]
[SourceVersionDate "2011.08.29"]
[SourceQuality "1"]

1. f4 d5 2. e3 Nf6 3. b3 g6 4. Bb2 Bg7 5. Nf3 0-0 6. Be2 c5 7. 0-0 Nc6 8. Ne5 Nxe5 9. Bxe5 b6 10. Nc3 Bb7 11. Bf3 Ne4 12. Bxg7 Kxg7 13. Ne2 Qc7 14. d3 Nf6 15. g4 e5 16. g5 Nd7 17. f5 f6 18. fxg6 hxg6 19. Nc3 Qd6 20. Nb5 Qc6 21. c4 e4 22. dxe4 dxe4 23. gxf6+ Rxf6 24. Bg2 Ne5 25. Rxf6 Qxf6 26. Qd6 Nf3+ 27. Kf2 Qb2+ 28. Kg3 Qxa1 29. Qd7+ Kh6 30. Qh3+ Kg5 31. Qg4+ Kf6 32. Qf4+ Kg7 33. Bxf3 0-1

[Event "NED-ch U17"]
[Site "Haarlem"]
[Date "2011.05.04"]
[Round "5"]
[White "Van der Werff, Frank"]
[Black "Bekker, Michael"]
[Result "1/2-1/2"]
[WhiteElo "1819"]
[BlackElo "1794"]
[PlyCount "42"]
[EventDate "2011.04.30"]
[EventType "swiss"]
[EventRounds "9"]
[EventCountry "NED"]
[SourceTitle "EXT 2012"]
[Source "ChessBase"]
[SourceDate "2011.11.24"]
[SourceVersion "1"]
[SourceVersionDate "2011.11.24"]
[SourceQuality "1"]

1. e4 e6 2. d3 d5 3. Nd2 Nf6 4. g3 c5 5. Bg2 Nc6 6. Ngf3 Bd6 7. 0-0 b6 8. Re1 Qc7 9. Qe2 dxe4 10. dxe4 e5 11. c3 0-0 12. Nh4 Rd8 13. Nf5 Bf8 14. Nf1 h6 15. Qf3 Bxf5 16. exf5 e4 17. Qe2 Qd7 18. Nd2 Rac8 19. Nxe4 Qxf5 20. Nxf6+ Qxf6 21. Bxc6 Qxc6 1/2-1/2

[Event "Twente Young Master op-D"]
[Site "Twente"]
[Date "2007.08.11"]
[Round "13"]
[White "Schippers, Philippe"]
[Black "Van der Werff, Frank"]
[Result "1-0"]
[WhiteElo "1683"]
[BlackElo "1523"]
[PlyCount "93"]
[EventDate "2007.08.06"]
[EventType "swiss"]
[EventRounds "13"]
[EventCountry "NED"]
[SourceTitle "EXT 2008"]
[Source "ChessBase"]
[SourceDate "2007.11.25"]
[SourceVersion "1"]
[SourceVersionDate "2007.11.25"]
[SourceQuality "1"]

1. e4 c5 2. Nf3 d6 3. d4 cxd4 4. Nxd4 Nf6 5. Nc3 g6 6. Be3 Bg7 7. f3 0-0 8. Qd2 Nc6 9. 0-0-0 Nxd4 10. Bxd4 Be6 11. g4 Qa5 12. Kb1 Rfc8 13. a3 Rab8 14. Nb5 Qxd2 15. Rxd2 a6 16. Nc3 b5 17. b4 Bc4 18. Kb2 Nd7 19. Bxg7 Kxg7 20. f4 Bxf1 21. Rxf1 Nb6 22. Kb3 Rc6 23. h4 Nc4 24. Rd3 Rbc8 25. Rff3 Nb6 26. f5 Nc4 27. Rg3 Ne5 28. Rde3 Nc4 29. Rd3 Ne5 30. Rd2 Nc4 31. Rf2 Nxa3 32. fxg6 fxg6 33. Rgf3 Kh8 34. h5 gxh5 35. gxh5 h6 36. Rg2 Nc4 37. Nd5 Ne5 38. Rfg3 Re8 39. Rg7 Rc4 40. Nxe7 Rxe4 41. Nf5 Nc6 42. Nxd6 Re3+ 43. Kb2 Rf8 44. Nf7+ Rxf7 45. Rxf7 Ne7 46. Rf6 Ng8 47. Rf8 1-0

[Event "Twente Young Master op-D"]
[Site "Twente"]
[Date "2007.08.09"]
[Round "8"]
[White "Kollen, Zyon"]
[Black "Van der Werff, Frank"]
[Result "1-0"]
[WhiteElo "1874"]
[BlackElo "1523"]
[PlyCount "51"]
[EventDate "2007.08.06"]
[EventType "swiss"]
[EventRounds "13"]
[EventCountry "NED"]
[SourceTitle "EXT 2008"]
[Source "ChessBase"]
[SourceDate "2007.11.25"]
[SourceVersion "1"]
[SourceVersionDate "2007.11.25"]
[SourceQuality "1"]

1. e4 c5 2. Nf3 d6 3. d4 cxd4 4. Nxd4 Nf6 5. Nc3 g6 6. Be3 Bg7 7. f3 0-0 8. Qd2 Nc6 9. 0-0-0 Nxd4 10. Bxd4 Be6 11. Kb1 a6 12. g4 b5 13. h4 b4 14. Nd5 Bxd5 15. exd5 a5 16. h5 Rb8 17. hxg6 fxg6 18. g5 Nh5 19. Bxg7 Kxg7 20. Qd4+ Kg8 21. Rxh5 gxh5 22. Bh3 e5 23. dxe6 Rxf3 24. Qd5 Qf8 25. e7+ Qf7 26. Be6 1-0

[Event "NED-ch U13"]
[Site "Rijswijk"]
[Date "2006.05.27"]
[Round "7"]
[White "Ratsma, Midas"]
[Black "Van der Werff, Frank"]
[Result "1/2-1/2"]
[WhiteElo "1414"]
[BlackElo "1311"]
[PlyCount "49"]
[EventDate "2006.05.25"]
[EventType "swiss"]
[EventRounds "9"]
[EventCountry "NED"]
[SourceTitle "EXT 2009"]
[Source "ChessBase"]
[SourceDate "2008.11.26"]
[SourceVersion "1"]
[SourceVersionDate "2008.11.26"]
[SourceQuality "1"]

1. d4 d5 2. c4 e6 3. Nc3 Nf6 4. Bg5 Be7 5. e3 Nbd7 6. Qb3 dxc4 7. Bxc4 0-0 8. Nf3 b6 9. 0-0 Bb7 10. Nd2 Nb8 11. Rac1 Nc6 12. Qc2 Rc8 13. Bd3 Nb4 14. Qb1 Nxd3 15. Qxd3 Re8 16. Qc2 a5 17. Nb3 h6 18. Bh4 Nd5 19. Bxe7 Rxe7 20. Nxd5 Qxd5 21. f3 Ree8 22. e4 Qd7 23. Rcd1 Red8 24. Rfe1 Qe7 25. Qc4 1/2-1/2

[Event "NED-ch U13"]
[Site "Rijswijk"]
[Date "2006.05.26"]
[Round "5"]
[White "Kollen, Zyon"]
[Black "Van der Werff, Frank"]
[Result "1-0"]
[WhiteElo "1697"]
[BlackElo "1311"]
[PlyCount "51"]
[EventDate "2006.05.25"]
[EventType "swiss"]
[EventRounds "9"]
[EventCountry "NED"]
[SourceTitle "EXT 2009"]
[Source "ChessBase"]
[SourceDate "2008.11.26"]
[SourceVersion "1"]
[SourceVersionDate "2008.11.26"]
[SourceQuality "1"]

1. e4 c5 2. Nf3 Nc6 3. d4 cxd4 4. Nxd4 g6 5. c4 Bg7 6. Be3 d6 7. Nc3 Nf6 8. Be2 0-0 9. 0-0 e6 10. Qd2 d5 11. Nxc6 bxc6 12. cxd5 cxd5 13. e5 Nd7 14. f4 Nb6 15. Kh1 Bb7 16. Bc5 Re8 17. Bb5 Nd7 18. Bd6 Bf8 19. Bxf8 Rxf8 20. Bxd7 Qxd7 21. Qf2 Ba6 22. Rfd1 Bb7 23. Ne4 Qe7 24. Nf6+ Kg7 25. Qh4 h5 26. Nxh5+ 1-0